| 000 | 00370nam a22001577a 4500 | ||
|---|---|---|---|
| 020 | _a9789369896875 | ||
| 082 |
_a823 _bCHE/T |
||
| 100 | _aChetan Bhagat | ||
| 245 |
_a12 Years / _cby Chetan Bhagat |
||
| 260 |
_aHaryana: _bHarperCollins, _c2025. |
||
| 300 | _a414p. | ||
| 650 | _aNovel English | ||
| 650 | _aLiterature English | ||
| 650 | _aLiterature | ||
| 942 | _cBK | ||
| 999 |
_c181295 _d181295 |
||